|
|
|
|
| LEADER |
02180nam a2200505 a 4500 |
| 001 |
nkc20132509430 |
| 003 |
CZ PrNK |
| 005 |
20140603155648.0 |
| 007 |
ta |
| 008 |
131213s2013 xr a e 100 0 cze |
| 015 |
|
|
|a cnb002509430
|
| 020 |
|
|
|a 978-80-01-05277-8
|q (brož.)
|
| 035 |
|
|
|a (OCoLC)870287442
|
| 040 |
|
|
|a ABA001
|b cze
|
| 041 |
0 |
|
|a cze
|a eng
|b eng
|
| 072 |
|
7 |
|a 614
|x Veřejné zdraví a hygiena
|2 Konspekt
|9 14
|
| 080 |
|
|
|a 614.2:33
|2 MRF
|
| 080 |
|
|
|a 614.2:005
|2 MRF
|
| 080 |
|
|
|a 615.47+616-7
|2 MRF
|
| 080 |
|
|
|a (062.534)
|2 MRF
|
| 111 |
2 |
|
|a Ekonomika a management ve zdravotnictví (konference)
|n (3. :
|d 2013 :
|c Kladno, Česko)
|7 kn20131217005
|
| 245 |
1 |
0 |
|a Ekonomika a management ve zdravotnictví :
|b 3. ročník : sborník příspěvků ze studentské vědecké konference pořádané katedrou biomedicínské techniky : Kladno, 6. června 2013 /
|c [editor Veronika Mezerová, Pavel Rosenlacher]
|
| 250 |
|
|
|a Vyd. 1.
|
| 260 |
|
|
|a Praha :
|b České vysoké učení technické v Praze,
|c 2013
|
| 300 |
|
|
|a 236 s. :
|b il. (převážně barev.) ;
|c 30 cm
|
| 500 |
|
|
|a Nad názvem: České vysoké učení technické v Praze, Fakulta biomedicínského inženýrství, katedra biomedicínské techniky
|
| 500 |
|
|
|a 50 výt.
|
| 504 |
|
|
|a Obsahuje bibliografie
|
| 546 |
|
|
|a Část. anglický text, anglická resumé
|
| 650 |
0 |
7 |
|a ekonomika zdravotnictví
|7 ph182335
|2 czenas
|
| 650 |
0 |
7 |
|a zdravotnický management
|7 ph208146
|2 czenas
|
| 650 |
0 |
7 |
|a zdravotnická technika
|7 ph127565
|2 czenas
|
| 650 |
0 |
9 |
|a medical economics
|2 eczenas
|
| 650 |
0 |
9 |
|a health service management
|2 eczenas
|
| 650 |
0 |
9 |
|a health technology
|2 eczenas
|
| 655 |
|
7 |
|a sborníky konferencí
|7 fd133333
|2 czenas
|
| 655 |
|
9 |
|a proceedings of conferences
|2 eczenas
|
| 700 |
1 |
|
|a Mezerová, Veronika
|7 jo2013800080
|4 edt
|
| 700 |
1 |
|
|a Rosenlacher, Pavel
|7 jo2013800079
|4 edt
|
| 710 |
2 |
|
|a České vysoké učení technické v Praze.
|b Katedra biomedicínské techniky
|7 ctu2008438657
|
| 910 |
2 |
|
|a BOA001
|b 4-1328.072
|
| 990 |
|
|
|a BK
|
| 995 |
|
|
|a 01
|
| 991 |
|
|
|b 201406
|c NOV
|e n
|
| 996 |
6 |
|
|b 2610593198
|c 4-1328.072
|l MZK
|r Sklad / do 1 hodiny
|n 9
|p p.v.
|w 001426782
|u 000010
|a 1
|e BOA001
|j MZK50
|s P
|